000 00925nam a2200277 i 4500
001 bg
245 0 0 _aElementy teorii i obliczania maszyn czyszczących oraz urządzeń suszarniczych.
260 _aWarszawa :
_bSGGW,
_c1981.
300 _a203 s. :
_brys., wykr. ;
_c24 cm.
490 1 _aSkrypty Szkoły Głównej Gospodarstwa Wiejskiego w Warszawie
504 _aBibliogr.
521 _aSkrypt dla studentów Wydziału Techniki Rolniczej i Leśnej.
650 9 _aSuszarnictwo
_xurządzenia
650 9 _aNasiona
_xkonserwacja
_xmetody
650 9 _aRolnictwo
_xnarzędzia i maszyny
655 _aPodręczniki akademickie
700 1 _aDMITREWSKI, Jerzy
830 _aSkrypty Szkoły Głównej Gospodarstwa Wiejskiego w Warszawie
020 _a8300016902
040 _cBPK
041 0 _apol
080 _a631.36(075.8)
920 _a83-00-01690-2
942 _cKS
008 s pl f |000 0 pol
999 _c51591
_d51591
856 _uhttp://koha.tu.koszalin.pl/cgi-bin/koha/opac-detail.pl?biblionumber=51591
_yKatalog online BPK